000 00539nam a2200181 i 4500
001 92460
003 ES-MaACL
005 20250701062908.0
007 t|
008 050308s1940 gw ||||1| ger d
100 1 _aLinden, Walther.
_972390
245 1 0 _aAlexander von Humboldt
_b: Weltbild der naturwissenchaft /
_cvon Walther Linden.
260 _aHamburg :
_bHoffman u Campe,
_c[1940]
300 _a92 p. ;
_c18 cm.
600 1 4 _aHumboldt, Alexander von,
_d1769-1859
_964715
852 _aES-MaACL
_jF-15529
999 _c92460
_d92460